[Event "Chiang Mai op 20th"]
[Site "Chiangmai"]
[Date "2022.10.29"]
[Round "8.5"]
[White "Ganguly, Surya Shekhar"]
[Black "Kvon, Andrey"]
[Result "1-0"]
[WhiteElo "2589"]
[BlackElo "2527"]
[PlyCount "109"]
[EventDate "2022.10.22"]
[EventType "swiss"]
[EventRounds "9"]
[EventCountry "THA"]
[SourceTitle "EXT 2024"]
[Source "ChessBase"]
[SourceDate "2023.10.10"]
[SourceVersion "1"]
[SourceVersionDate "2023.10.10"]
[SourceQuality "1"]

1. e4 e5 2. Nf3 Nc6 3. d4 exd4 4. Nxd4 Nf6 5. Nxc6 bxc6 6. Nd2 Bc5 7. Nb3 Bb6 8. e5 Qe7 9. Qe2 Nd5 10. c4 Nb4 11. a3 Na6 12. h4 Rb8 13. Bg5 f6 14. exf6 gxf6 15. Bd2 d6 16. 0-0-0 Qxe2 17. Bxe2 Be6 18. Bc3 Bxf2 19. Nd4 Bxd4 20. Bxd4 Nc5 21. Bh5+ Ke7 22. Bxc5 dxc5 23. Rhe1 Rbd8 24. Bg4 Rxd1+ 25. Kxd1 Rd8+ 26. Kc2 Rd6 27. b4 cxb4 28. c5 Kd7 29. cxd6 Bxg4 30. dxc7 bxa3 31. Rf1 f5 32. Re1 f4 33. Kb3 h5 34. Re4 Kxc7 35. Rxf4 Kd6 36. Kxa3 c5 37. Kb3 Ke5 38. g3 Be2 39. Kc3 a6 40. Kd2 Bg4 41. Ke3 Bf5 42. Ra4 Bc8 43. Re4+ Kd5 44. Re8 Bg4 45. Ra8 Ke5 46. Rxa6 Kd5 47. Rg6 Bd1 48. Rg5+ Kd6 49. Rg8 Ke5 50. Rc8 Kf5 51. Rxc5+ Kg4 52. Rd5 Bb3 53. Rg5+ Kh3 54. Rxh5 Kxg3 55. Rb5 1-0

[Event "Titled Tuesday intern op 27th Sep Early"]
[Site "Chess.com INT"]
[Date "2022.09.27"]
[Round "11"]
[White "Guerrero Olmos, Sergio"]
[Black "Kvon, Andrey"]
[Result "0-1"]
[WhiteElo "2372"]
[BlackElo "2527"]
[PlyCount "78"]
[EventDate "2022.09.27"]
[EventType "swiss (blitz)"]
[EventRounds "11"]
[EventCountry "USA"]
[SourceTitle "CBM 210 Extra"]
[Source "ChessBase"]
[SourceDate "2022.11.30"]
[SourceVersion "1"]
[SourceVersionDate "2022.11.30"]
[SourceQuality "1"]

1. d4 f5 2. Nf3 Nf6 3. Bf4 d5 4. e3 e6 5. c4 c6 6. Nc3 Bd6 7. Be2 0-0 8. 0-0 b6 9. Rc1 Bb7 10. a3 Bxf4 11. exf4 Qd6 12. Ne5 Nbd7 13. b4 dxc4 14. Bxc4 Rad8 15. Qb3 Nd5 16. Nxd5 exd5 17. Bd3 g6 18. Rc2 Qe6 19. Rfc1 Nxe5 20. fxe5 f4 21. f3 Rc8 22. Qa4 a6 23. h3 Rc7 24. Qb3 Rfc8 25. a4 Kg7 26. a5 b5 27. Rc5 Rg8 28. Qb2 Kh8 29. Qd2 Rf7 30. Bb1 g5 31. Kh2 Qh6 32. Qc2 Qh4 33. Rxc6 Bxc6 34. Qxc6 g4 35. Qxd5 gxh3 36. Qxf7 Rxg2+ 37. Kh1 Rh2+ 38. Kxh2 Qg3+ 39. Kh1 Qg2# 0-1

[Event "Titled Tuesday intern op 27th Sep Early"]
[Site "Chess.com INT"]
[Date "2022.09.27"]
[Round "7"]
[White "Kvon, Andrey"]
[Black "Fiorito, Joaquin"]
[Result "1/2-1/2"]
[WhiteElo "2527"]
[BlackElo "2271"]
[PlyCount "106"]
[EventDate "2022.09.27"]
[EventType "swiss (blitz)"]
[EventRounds "11"]
[EventCountry "USA"]
[SourceTitle "CBM 210 Extra"]
[Source "ChessBase"]
[SourceDate "2022.11.30"]
[SourceVersion "1"]
[SourceVersionDate "2022.11.30"]
[SourceQuality "1"]

1. d4 d5 2. c4 c6 3. Nf3 Nf6 4. e3 Bf5 5. Be2 e6 6. 0-0 Nbd7 7. Nbd2 h6 8. a4 Bd6 9. a5 0-0 10. a6 b6 11. Qa4 Rc8 12. b3 Ne4 13. Nxe4 Bxe4 14. Nd2 Nf6 15. Ba3 Bf5 16. Rfc1 dxc4 17. Bxd6 Qxd6 18. Nxc4 Qe7 19. Qa3 c5 20. Ne5 Be4 21. dxc5 bxc5 22. f3 Ba8 23. e4 Qd6 24. Qb2 Rfd8 25. Rd1 Qc7 26. Nc4 Qc6 27. Kf2 Rb8 28. Rxd8+ Rxd8 29. Qe5 Ne8 30. Ra5 Rc8 31. Qc3 f6 32. Ne3 Qc7 33. Bc4 Kf7 34. Ra2 Qxh2 35. Rd2 Nd6 36. Qd3 Rd8 37. Qc2 Qh4+ 38. Kf1 Qh1+ 39. Ke2 Qh2 40. Qd1 Bc6 41. Rd3 Qe5 42. Qc1 Qg3 43. Qa3 Nxc4 44. bxc4 Rxd3 45. Kxd3 Qe5 46. Qa5 Qd4+ 47. Ke2 Kg6 48. Qc7 Ba4 49. Qxa7 Qb2+ 50. Ke1 Qc1+ 51. Ke2 Qb2+ 52. Ke1 Qc3+ 53. Ke2 Qb2+ 1/2-1/2

[Event "Titled Tuesday intern op 27th Sep Early"]
[Site "Chess.com INT"]
[Date "2022.09.27"]
[Round "4"]
[White "Kvon, Andrey"]
[Black "Murtazin, Ruslan"]
[Result "1-0"]
[WhiteElo "2527"]
[BlackElo "2247"]
[PlyCount "81"]
[EventDate "2022.09.27"]
[EventType "swiss (blitz)"]
[EventRounds "11"]
[EventCountry "USA"]
[SourceTitle "CBM 210 Extra"]
[Source "ChessBase"]
[SourceDate "2022.11.30"]
[SourceVersion "1"]
[SourceVersionDate "2022.11.30"]
[SourceQuality "1"]

1. d4 Nf6 2. c4 c5 3. Nf3 cxd4 4. Nxd4 Nc6 5. Nc3 g6 6. g3 Bg7 7. Nc2 0-0 8. Bg2 d6 9. 0-0 Be6 10. Ne3 Nd7 11. Bd2 Rc8 12. Rc1 a6 13. b3 Nc5 14. Ncd5 b5 15. Bc3 Bxc3 16. Rxc3 bxc4 17. Rxc4 Ne5 18. Rh4 Bxd5 19. Nxd5 e6 20. Qd2 exd5 21. Qh6 Re8 22. f4 Ned7 23. Qxh7+ Kf8 24. f5 g5 25. f6 Nxf6 26. Qh8+ Ng8 27. Rh7 Re7 28. Qg7+ Ke8 29. Bh3 Ne6 30. Bxe6 fxe6 31. Rf8+ Kd7 32. Rxd8+ Rxd8 33. Qg6 Rc8 34. Rxe7+ Nxe7 35. Qxg5 Rc2 36. Kf1 d4 37. h4 Nf5 38. g4 Ng3+ 39. Kf2 Nxe2 40. Qg7+ Kc6 41. Qg6 1-0

[Event "Titled Tuesday intern op 05th Jul Early"]
[Site "Chess.com INT"]
[Date "2022.07.05"]
[Round "6"]
[White "Kvon, Andrey"]
[Black "Mrudul, Dehankar"]
[Result "1-0"]
[WhiteElo "2527"]
[BlackElo "2256"]
[PlyCount "101"]
[EventDate "2022.07.05"]
[EventType "swiss (blitz)"]
[EventRounds "11"]
[EventCountry "USA"]
[SourceTitle "CBM 209 Extra"]
[Source "ChessBase"]
[SourceDate "2022.09.30"]
[SourceVersion "1"]
[SourceVersionDate "2022.09.30"]
[SourceQuality "1"]

1. b3 Nf6 2. Bb2 g6 3. g4 Bg7 4. g5 Nh5 5. Qc1 d5 6. e3 e5 7. Nf3 e4 8. Bxg7 Nxg7 9. Qb2 0-0 10. Nd4 Qxg5 11. h4 Qe5 12. Nc3 c5 13. f4 exf3 14. Nxf3 Qg3+ 15. Ke2 Bg4 16. Rh3 Bxf3+ 17. Kd3 c4+ 18. bxc4 dxc4+ 19. Kxc4 Qc7+ 20. Kb3 Qb6+ 21. Ka3 Qa5+ 22. Kb3 Bg4 23. a4 Nc6 24. Rg3 Be6+ 25. Bc4 Qb4+ 26. Ka2 Bxc4+ 27. Kb1 Qxb2+ 28. Kxb2 f5 29. d3 Be6 30. Re1 Rae8 31. Nb5 Re7 32. Rf3 Bd5 33. Rh3 f4 34. e4 Be6 35. Rh2 f3 36. Rf2 Nh5 37. Re3 a6 38. Nc3 Nd4 39. e5 Rf4 40. Ne4 Rxh4 41. c3 Nf5 42. Rexf3 Rf7 43. Ng5 Re7 44. c4 Rd4 45. Kc3 Rd8 46. Ne4 Nhg7 47. Nf6+ Kh8 48. Rf4 h5 49. Rg2 Ne3 50. Rxg6 Bf5 51. Rh6+ 1-0

[Event "Titled Tuesday intern op 05th Jul Early"]
[Site "Chess.com INT"]
[Date "2022.07.05"]
[Round "8"]
[White "Kvon, Andrey"]
[Black "Omariev, Maksim"]
[Result "1-0"]
[WhiteElo "2527"]
[BlackElo "2304"]
[PlyCount "133"]
[EventDate "2022.07.05"]
[EventType "swiss (blitz)"]
[EventRounds "11"]
[EventCountry "USA"]
[SourceTitle "CBM 209 Extra"]
[Source "ChessBase"]
[SourceDate "2022.09.30"]
[SourceVersion "1"]
[SourceVersionDate "2022.09.30"]
[SourceQuality "1"]

1. b3 e5 2. Bb2 Nc6 3. e3 Nf6 4. Bb5 Bd6 5. Nf3 Qe7 6. Nc3 a6 7. Bxc6 dxc6 8. Ng5 Bf5 9. Qf3 Bxc2 10. e4 h6 11. Nh3 Bb4 12. 0-0 0-0-0 13. Rac1 Rxd2 14. Qg3 Re8 15. Qxg7 Bd3 16. Rfd1 Rxd1+ 17. Rxd1 Bc2 18. Rc1 Bxe4 19. Qxh6 Bg6 20. Qe3 Kb8 21. Ng5 Nd5 22. Qg3 Nxc3 23. Bxc3 Bd6 24. Qe3 e4 25. h4 f5 26. Qd4 f4 27. Re1 e3 28. Qf6 exf2+ 29. Kxf2 Bc5+ 30. Kf3 Bh5+ 31. Kxf4 Qxf6+ 32. Bxf6 Rxe1 33. Ne4 Rf1+ 34. Kg5 Be2 35. Ng3 Re1 36. Nxe2 Rxe2 37. g4 Re4 38. Kf5 Re2 39. h5 Rf2+ 40. Kg6 Be3 41. g5 Rxa2 42. h6 Rh2 43. h7 Bxg5 44. Bxg5 Rxh7 45. Kxh7 c5 46. Kg6 b6 47. Kf5 Kb7 48. Ke5 Kc6 49. Ke4 Kb5 50. Kd3 a5 51. Bd8 c6 52. Kc3 Ka6 53. Kc4 b5+ 54. Kxc5 a4 55. b4 a3 56. Bf6 Kb7 57. Be5 a2 58. Kd6 Kb6 59. Bd4+ Kb7 60. Kd7 c5 61. bxc5 b4 62. c6+ Ka6 63. c7 Kb5 64. c8Q b3 65. Qc6+ Kb4 66. Qc3+ Ka3 67. Qa5# 1-0

[Event "Titled Tuesday intern op 05th Jul Early"]
[Site "Chess.com INT"]
[Date "2022.07.05"]
[Round "5"]
[White "Sailer, Mike L"]
[Black "Kvon, Andrey"]
[Result "0-1"]
[WhiteElo "2109"]
[BlackElo "2527"]
[PlyCount "70"]
[EventDate "2022.07.05"]
[EventType "swiss (blitz)"]
[EventRounds "11"]
[EventCountry "USA"]
[SourceTitle "CBM 209 Extra"]
[Source "ChessBase"]
[SourceDate "2022.09.30"]
[SourceVersion "1"]
[SourceVersionDate "2022.09.30"]
[SourceQuality "1"]

1. d4 f5 2. e4 fxe4 3. Nc3 c5 4. d5 Nf6 5. Bg5 Qb6 6. Rb1 Qb4 7. a3 Qd4 8. Qxd4 cxd4 9. Bxf6 gxf6 10. Nxe4 f5 11. Ng5 e5 12. dxe6 dxe6 13. Bb5+ Nc6 14. N1f3 h6 15. Nh3 Bg7 16. Nf4 e5 17. Nh5 0-0 18. Nxg7 Kxg7 19. Bxc6 bxc6 20. Nxe5 c5 21. 0-0 Rb8 22. f4 Rf6 23. Rf3 Rfb6 24. b3 Be6 25. Rg3+ Kh7 26. Rg6 Bd5 27. Rxb6 axb6 28. Nd7 Rd8 29. Nxb6 Be4 30. Nc4 Bxc2 31. Rb2 d3 32. Nd2 Re8 33. Kf1 Re2 34. Rxc2 dxc2 35. Kxe2 c1Q 0-1

[Event "Titled Tuesday intern op 21st Jun Early"]
[Site "Chess.com INT"]
[Date "2022.06.21"]
[Round "7"]
[White "Araujo Sanchez, Josue"]
[Black "Kvon, Andrey"]
[Result "0-1"]
[WhiteElo "2256"]
[BlackElo "2527"]
[PlyCount "116"]
[EventDate "2022.06.21"]
[EventType "swiss (blitz)"]
[EventRounds "11"]
[EventCountry "USA"]
[SourceTitle "EXT 2023"]
[Source "ChessBase"]
[SourceDate "2022.10.05"]
[SourceVersion "1"]
[SourceVersionDate "2022.10.05"]
[SourceQuality "1"]

1. d4 Nf6 2. Bg5 c5 3. Bxf6 gxf6 4. Nc3 cxd4 5. Qxd4 Nc6 6. Qh4 Qa5 7. 0-0-0 Qg5+ 8. Qxg5 fxg5 9. h4 g4 10. e4 d6 11. Nd5 Kd8 12. Ne2 e6 13. Nf6 Ne5 14. Ng3 Ke7 15. Nfh5 Bd7 16. Be2 Rc8 17. Kb1 a6 18. f4 gxf3 19. gxf3 Rg8 20. f4 Nc4 21. f5 Ne5 22. Rhg1 Bc6 23. Nf4 Bh6 24. Rdf1 Kd7 25. Ngh5 Rxg1 26. Rxg1 Ke7 27. Bd3 Nf3 28. f6+ Kd7 29. Rg7 Bxg7 30. fxg7 Ke7 31. e5 dxe5 32. Nxe6 Kxe6 33. Bxh7 Nxh4 34. g8Q Rxg8 35. Bxg8 Be4 36. Ng3 Bg6 37. Kc1 Nf5 38. Ne4 Ne7 39. Nc5+ Kd5 40. Bxf7+ Bxf7 41. Nxb7 Nc6 42. b3 e4 43. Kd2 Ne5 44. Ke3 Ng4+ 45. Kf4 e3 46. Kf3 Kd4 47. Nd6 Bd5+ 48. Ke2 Bc6 49. a4 Ke5 50. Nc4+ Kf4 51. c3 Bf3+ 52. Kd3 Nf2+ 53. Kc2 Be4+ 54. Kc1 Kf3 55. Nxe3 Kxe3 56. b4 Nd3+ 57. Kd1 Bd5 58. b5 Bb3# 0-1

[Event "Titled Tuesday intern op 21st Jun Early"]
[Site "Chess.com INT"]
[Date "2022.06.21"]
[Round "2"]
[White "Daeschler, Florian"]
[Black "Kvon, Andrey"]
[Result "1/2-1/2"]
[WhiteElo "2219"]
[BlackElo "2527"]
[PlyCount "142"]
[EventDate "2022.06.21"]
[EventType "swiss (blitz)"]
[EventRounds "11"]
[EventCountry "USA"]
[SourceTitle "EXT 2023"]
[Source "ChessBase"]
[SourceDate "2022.10.05"]
[SourceVersion "1"]
[SourceVersionDate "2022.10.05"]
[SourceQuality "1"]

1. e4 e5 2. Nf3 Nc6 3. Bc4 Nf6 4. d3 Be7 5. 0-0 0-0 6. Re1 d6 7. a4 Kh8 8. Nc3 Bg4 9. h3 Bxf3 10. Qxf3 Nd4 11. Qd1 c6 12. Ba2 Nd7 13. Ne2 Nxe2+ 14. Qxe2 f5 15. exf5 Rxf5 16. d4 Bh4 17. g3 Bg5 18. Be6 Bxc1 19. Bxf5 Bxb2 20. Rab1 Bxd4 21. Rxb7 Nc5 22. Qh5 Qg8 23. Rc7 g6 24. Qh6 e4 25. Bg4 Bg7 26. Qd2 Qd5 27. Qxd5 cxd5 28. Kg2 h5 29. Bd1 Bc3 30. Rh1 Rf8 31. h4 Bd4 32. Rf1 Nxa4 33. c4 Nb2 34. cxd5 Nd3 35. f4 Rb8 36. Kh3 Nf2+ 37. Kg2 Rb2 38. Rc2 Nxd1 39. Rxb2 Nxb2 40. Ra1 Nc4 41. Ra4 e3 42. Rxc4 e2 43. Rc8+ Kg7 44. Re8 Kf6 45. Rxe2 Kf5 46. Kf3 Bc5 47. Ra2 Kf6 48. Ra6 Kf5 49. Rc6 Kf6 50. Ke4 Ke7 51. Rc7+ Kf6 52. Rb7 Bb6 53. Rd7 Bc5 54. Rc7 Bf2 55. Rd7 Bc5 56. Rd8 Ke7 57. Rg8 Kf7 58. Rb8 Bf2 59. f5 Bxg3 60. Rb7+ Kf6 61. fxg6 Kxg6 62. Rxa7 Bxh4 63. Rd7 Bg3 64. Kf3 Be5 65. Re7 Kf6 66. Re6+ Kg5 67. Kg2 Kf5 68. Re8 Ke4 69. Re6 Kf5 70. Rh6 Kg5 71. Re6 Kf5 1/2-1/2

[Event "Titled Tuesday intern op 21st Jun Early"]
[Site "Chess.com INT"]
[Date "2022.06.21"]
[Round "6"]
[White "Kvon, Andrey"]
[Black "Yedidia, Daniel"]
[Result "0-1"]
[WhiteElo "2527"]
[BlackElo "2001"]
[PlyCount "80"]
[EventDate "2022.06.21"]
[EventType "swiss (blitz)"]
[EventRounds "11"]
[EventCountry "USA"]
[SourceTitle "EXT 2023"]
[Source "ChessBase"]
[SourceDate "2022.10.05"]
[SourceVersion "1"]
[SourceVersionDate "2022.10.05"]
[SourceQuality "1"]

1. d4 Nf6 2. Nc3 d5 3. Bf4 c6 4. e3 Bf5 5. Bd3 Bxd3 6. cxd3 Nbd7 7. Nge2 g6 8. 0-0 Bg7 9. b4 Nh5 10. b5 Nxf4 11. Nxf4 e5 12. bxc6 bxc6 13. dxe5 Bxe5 14. Nfe2 0-0 15. d4 Bg7 16. Qa4 Qf6 17. Rac1 Nb6 18. Qa6 Nc4 19. Ne4 Qf5 20. N2g3 Qd7 21. Nc5 Qc7 22. Rc2 Rab8 23. Rfc1 Rb6 24. Qa4 Rfb8 25. h4 Rb4 26. Rxc4 Rxa4 27. Rxa4 Rb6 28. h5 Bf8 29. Nd3 Qb7 30. Kh2 Bd6 31. hxg6 hxg6 32. Ra5 Rb1 33. Rxa7 Qxa7 34. Rxb1 Qxa2 35. Rb6 Qc2 36. Ne5 Qxf2 37. Rxc6 Bxe5 38. dxe5 Qxe3 39. e6 fxe6 40. Rc7 d4 0-1

[Event "Asia Club-ch Hybrid"]
[Site "Tornelo INT"]
[Date "2021.11.06"]
[Round "4.1"]
[White "Kvon, Andrey"]
[Black "Abdollahabadi, Amir Hosien"]
[Result "1-0"]
[WhiteElo "2519"]
[BlackElo "1754"]
[PlyCount "111"]
[EventDate "2021.11.03"]
[EventType "team-swiss"]
[EventRounds "9"]
[EventCountry "NET"]
[SourceTitle "CBM 205 Extra"]
[Source "ChessBase"]
[SourceDate "2022.01.31"]
[SourceVersion "1"]
[SourceVersionDate "2022.01.31"]
[SourceQuality "1"]
[WhiteTeam "SG Chess Hub"]
[BlackTeam "Fekre Bartar"]
[WhiteTeamCountry "SIN"]
[BlackTeamCountry "IRI"]

1. e4 d5 2. exd5 Nf6 3. Bb5+ Bd7 4. Bc4 Bg4 5. f3 Bf5 6. Nc3 a6 7. Nge2 Nbd7 8. Ng3 Bg6 9. f4 Nb6 10. Bb3 h5 11. f5 Bh7 12. Qf3 Qd7 13. d6 cxd6 14. 0-0 d5 15. Nxh5 0-0-0 16. d4 e6 17. Bg5 Nxh5 18. Qxh5 Be7 19. fxe6 fxe6 20. Bxe7 Qxe7 21. Qe5 Qd7 22. Ne2 Bg6 23. Nf4 Bf5 24. Rae1 Rh6 25. Re3 Nc4 26. Bxc4 dxc4 27. Ne2 Qc6 28. c3 Rd5 29. Qg3 Rg6 30. Qf2 Bd3 31. Rf3 Rdg5 32. g3 Be4 33. Rf8+ Kc7 34. Qe3 Rf5 35. R1xf5 exf5 36. Rf7+ Kb8 37. Qf4+ Ka7 38. Qe5 Re6 39. Qc5+ Qxc5 40. dxc5 Bd5 41. Nf4 Re1+ 42. Kf2 Bxf7 43. Kxe1 b6 44. cxb6+ Kxb6 45. Kd2 Kc5 46. Ke3 Kd6 47. Kd4 g5 48. Nh3 g4 49. Nf4 a5 50. Ng2 Ke6 51. Ne3 Kf6 52. Nxc4 Kg5 53. Nd6 Bxa2 54. Ke5 f4 55. Ne4+ Kh5 56. Kxf4 1-0

[Event "Titled Tuesday intern op 17th Aug"]
[Site "Chess.com INT"]
[Date "2021.08.17"]
[Round "9"]
[White "Kvon, Andrey"]
[Black "Plotnikov, Pavel"]
[Result "1-0"]
[WhiteElo "2519"]
[BlackElo "2297"]
[PlyCount "95"]
[EventDate "2021.08.17"]
[EventType "swiss (blitz)"]
[EventRounds "11"]
[EventCountry "USA"]
[SourceTitle "EXT 2022"]
[Source "ChessBase"]
[SourceDate "2021.10.06"]
[SourceVersion "1"]
[SourceVersionDate "2021.10.06"]
[SourceQuality "1"]

1. e4 e5 2. f4 exf4 3. Bc4 d5 4. Bxd5 Nf6 5. Nf3 Nxd5 6. exd5 Qxd5 7. Nc3 Qe6+ 8. Kf2 Be7 9. Re1 Qd6 10. Qe2 Be6 11. d4 c6 12. Ne4 Qd5 13. c4 Qd8 14. Bxf4 0-0 15. Rad1 Nd7 16. d5 cxd5 17. cxd5 Bg4 18. d6 Bh4+ 19. Bg3 Bxg3+ 20. Kxg3 Bxf3 21. Qxf3 h6 22. Rd5 Rc8 23. Re2 Rc4 24. b3 Rxe4 25. Rxe4 Nf6 26. Re7 Nxd5 27. Qxd5 Qb6 28. h3 Qa6 29. Rxf7 Rxf7 30. d7 Qf1 31. d8Q+ Kh7 32. Qd3+ Qf5 33. Kh2 g5 34. Q8d7 Qxd3 35. Qxd3+ Kg7 36. Qd4+ Kg6 37. Qxa7 Kh7 38. a4 Kg7 39. a5 Kg6 40. Qb6+ Rf6 41. Qxb7 Rf7 42. a6 Rf6 43. a7 Rf7 44. Qe4+ Kh5 45. a8Q Rf4 46. Qae8+ Rf7 47. g4+ Kh4 48. Qe1+ 1-0

[Event "Titled Tuesday intern op 17th Aug"]
[Site "Chess.com INT"]
[Date "2021.08.17"]
[Round "3"]
[White "Kvon, Andrey"]
[Black "Svane, Rasmus"]
[Result "0-1"]
[WhiteElo "2519"]
[BlackElo "2615"]
[PlyCount "46"]
[EventDate "2021.08.17"]
[EventType "swiss (blitz)"]
[EventRounds "11"]
[EventCountry "USA"]
[SourceTitle "EXT 2022"]
[Source "ChessBase"]
[SourceDate "2021.10.06"]
[SourceVersion "1"]
[SourceVersionDate "2021.10.06"]
[SourceQuality "1"]

1. e4 c6 2. d3 d5 3. Nd2 e5 4. Ngf3 Bd6 5. d4 exd4 6. Nxd4 Nf6 7. exd5 Nxd5 8. Qe2+ Be7 9. Ne4 0-0 10. Bd2 Qb6 11. Nb3 a5 12. a4 Bf5 13. 0-0-0 Nd7 14. Ng3 Be6 15. Kb1 Nc5 16. Nxc5 Bxc5 17. Ne4 Rfe8 18. Qf3 Bd4 19. b3 f5 20. Nd6 Qc5 21. Nxe8 Qa3 22. c3 Qxb3+ 23. Kc1 Nb4 0-1

[Event "Titled Tuesday intern op 27th Oct"]
[Site "Chess.com INT"]
[Date "2020.10.27"]
[Round "4"]
[White "Kvon, Andrey"]
[Black "Demidov, Mikhail"]
[Result "1-0"]
[WhiteElo "2519"]
[BlackElo "2526"]
[PlyCount "52"]
[EventDate "2020.10.27"]
[EventType "swiss (blitz)"]
[EventRounds "11"]
[EventCountry "USA"]
[SourceTitle "CBM 199 Extra"]
[Source "ChessBase"]
[SourceDate "2021.01.31"]
[SourceVersion "1"]
[SourceVersionDate "2021.01.31"]
[SourceQuality "1"]

1. d4 e6 2. Nf3 Nf6 3. Bg5 h6 4. Bh4 c5 5. Nbd2 cxd4 6. Nxd4 Be7 7. e4 d6 8. Bd3 a6 9. 0-0 Nbd7 10. c3 Qc7 11. f4 b6 12. Qe2 Bb7 13. Rae1 Nc5 14. Bc2 Rd8 15. e5 Nd5 16. Bxe7 Nxe7 17. f5 dxe5 18. fxe6 exd4 19. cxd4 Nxe6 20. Rxf7 Bd5 21. Bg6 Kd7 22. Bf5 Qd6 23. Nc4 Bxc4 24. Qxc4 Rdf8 25. Rxe6 Rxf7 26. Rxd6+ Kxd6 1-0

[Event "Titled Tuesday intern op 27th Oct"]
[Site "Chess.com INT"]
[Date "2020.10.27"]
[Round "11"]
[White "Kvon, Andrey"]
[Black "Tarigan, Gilbert Elroy"]
[Result "1-0"]
[WhiteElo "2519"]
[BlackElo "2149"]
[PlyCount "47"]
[EventDate "2020.10.27"]
[EventType "swiss (blitz)"]
[EventRounds "11"]
[EventCountry "USA"]
[SourceTitle "CBM 199 Extra"]
[Source "ChessBase"]
[SourceDate "2021.01.31"]
[SourceVersion "1"]
[SourceVersionDate "2021.01.31"]
[SourceQuality "1"]

1. d4 d5 2. Bg5 c6 3. Nc3 Nf6 4. Nf3 Bf5 5. e3 e6 6. Bd3 Be7 7. 0-0 Nbd7 8. Ne2 0-0 9. Ng3 Bg6 10. Bxg6 hxg6 11. c3 Qb6 12. Qc2 c5 13. Ne5 Rfe8 14. h4 Rac8 15. Qe2 Qc7 16. f4 Ne4 17. Nxe4 dxe4 18. Bxe7 Rxe7 19. h5 gxh5 20. Qxh5 Nf6 21. Qh3 Nd5 22. Kf2 cxd4 23. Rh1 dxe3+ 24. Kg3 1-0

[Event "Melbourne Australasian GM"]
[Site "Melbourne"]
[Date "2018.12.23"]
[Round "9"]
[White "Cheng, Bobby Sky"]
[Black "Kvon, Andrey"]
[Result "1-0"]
[WhiteElo "2510"]
[BlackElo "2509"]
[PlyCount "73"]
[EventDate "2018.12.15"]
[EventType "tourn"]
[EventRounds "9"]
[EventCountry "AUS"]
[EventCategory "8"]
[SourceTitle "CBM 187 Extra"]
[Source "ChessBase"]
[SourceDate "2018.11.04"]
[SourceVersion "1"]
[SourceVersionDate "2018.11.04"]
[SourceQuality "1"]

1. d4 Nf6 2. c4 g6 3. Nc3 Bg7 4. e4 d6 5. Nf3 0-0 6. Be2 c5 7. 0-0 cxd4 8. Nxd4 Nc6 9. Be3 Bd7 10. h3 Nxd4 11. Bxd4 Bc6 12. Qc2 Qa5 13. Rfd1 Rfc8 14. b3 b5 15. Rac1 a6 16. Nd5 Bxd5 17. exd5 Rc7 18. Qb2 b4 19. Bf3 Ne8 20. Bxg7 Nxg7 21. Re1 Raa7 22. h4 h5 23. g4 hxg4 24. Bxg4 Ra8 25. Re3 Rf8 26. Rce1 f5 27. Bd1 Qb6 28. h5 gxh5 29. Rg3 Rf6 30. Bxh5 Qb8 31. Rxe7 Rxe7 32. Qxf6 Qf8 33. Qh6 f4 34. Bg6 Re1+ 35. Kg2 Qf6 36. Bh7+ Kf7 37. Bg8+ 1-0

[Event "Melbourne Australasian GM"]
[Site "Melbourne"]
[Date "2018.12.17"]
[Round "3"]
[White "Kvon, Andrey"]
[Black "Zelesco, Karl"]
[Result "1/2-1/2"]
[WhiteElo "2509"]
[BlackElo "2407"]
[PlyCount "127"]
[EventDate "2018.12.15"]
[EventType "tourn"]
[EventRounds "9"]
[EventCountry "AUS"]
[EventCategory "8"]
[SourceTitle "CBM 187 Extra"]
[Source "ChessBase"]
[SourceDate "2018.11.04"]
[SourceVersion "1"]
[SourceVersionDate "2018.11.04"]
[SourceQuality "1"]

1. Nf3 d5 2. c4 c6 3. g3 Nf6 4. Bg2 Bg4 5. 0-0 e6 6. cxd5 exd5 7. d3 Nbd7 8. Qc2 Bc5 9. Nbd2 0-0 10. h3 Bh5 11. Nb3 Bb6 12. Nbd4 Re8 13. Nf5 Bxf3 14. Bxf3 Ne5 15. Bg2 Qd7 16. Nh4 Re6 17. e3 c5 18. Nf3 Nxf3+ 19. Bxf3 a5 20. Bd2 a4 21. Bg2 Qd6 22. Rad1 a3 23. b3 Ba5 24. Bc1 Bb4 25. f4 Qb6 26. g4 Rd8 27. Kh1 Ne8 28. e4 Nd6 29. f5 Ree8 30. f6 Nb5 31. Bg5 Re5 32. Bf4 Qxf6 33. Bxe5 Qxe5 34. exd5 Qb2 35. Rf2 Nc3 36. Rdf1 Qxc2 37. Rxc2 f6 38. Rfc1 Nxd5 39. Bxd5+ Rxd5 40. Rd1 Kf7 41. Re2 Bc3 42. Kg2 b5 43. Re4 h5 44. gxh5 Rxh5 45. Rc1 Bb2 46. Rc2 Rd5 47. Re3 g5 48. Rce2 Kg6 49. Kf1 Kh5 50. Rf3 f5 51. Re8 g4 52. hxg4+ fxg4 53. Rfe3 Bd4 54. Re2 Rf5+ 55. Kg2 Rf3 56. Rd2 Kh4 57. Re7 Rg3+ 58. Kh2 Rh3+ 59. Kg2 Rg3+ 60. Kh2 Rg1 61. Re4 Rg3 62. Re7 Rh3+ 63. Kg2 Rg3+ 64. Kh2 1/2-1/2

[Event "Adelaide Lidums GM"]
[Site "Adelaide"]
[Date "2018.12.14"]
[Round "9.2"]
[White "Ikeda, Junta"]
[Black "Kvon, Andrey"]
[Result "1/2-1/2"]
[WhiteElo "2421"]
[BlackElo "2509"]
[PlyCount "94"]
[EventDate "2018.12.08"]
[EventType "tourn"]
[EventRounds "9"]
[EventCountry "AUS"]
[EventCategory "7"]
[SourceTitle "CBM 187 Extra"]
[Source "ChessBase"]
[SourceDate "2018.11.04"]
[SourceVersion "1"]
[SourceVersionDate "2018.11.04"]
[SourceQuality "1"]

1. d4 Nf6 2. Bg5 c5 3. d5 Ne4 4. Bf4 Qb6 5. Nd2 Qxb2 6. Nxe4 Qb4+ 7. Qd2 Qxe4 8. e3 g5 9. f3 Qf5 10. Bg3 Qf6 11. Rc1 Bg7 12. c4 Na6 13. Ne2 Qb2 14. Nc3 Qxd2+ 15. Kxd2 d6 16. h4 h6 17. hxg5 hxg5 18. Rxh8+ Bxh8 19. Ne4 g4 20. Be2 gxf3 21. Bxf3 Bf5 22. Rh1 Bg7 23. Ng5 Bg6 24. Nh3 Nc7 25. Nf4 b5 26. cxb5 Nxb5 27. Nxg6 fxg6 28. Rb1 Na3 29. Rb7 Nc4+ 30. Kd3 Ne5+ 31. Bxe5 Bxe5 32. Bg4 Kf7 33. Rc7 a5 34. Rc8 Rxc8 35. Bxc8 Kf6 36. a4 Kg5 37. Be6 Kh4 38. g4 Bf6 39. Bf7 g5 40. Be6 Kg3 41. Bf5 Kf3 42. e4 Be5 43. Be6 Kf2 44. Bf5 Ke1 45. Kc4 Kd2 46. Bg6 Kc2 47. Bf5 Kb2 1/2-1/2

[Event "Adelaide Lidums GM"]
[Site "Adelaide"]
[Date "2018.12.12"]
[Round "6"]
[White "Sukandar, Irine Kharisma"]
[Black "Kvon, Andrey"]
[Result "0-1"]
[WhiteElo "2393"]
[BlackElo "2509"]
[PlyCount "62"]
[EventDate "2018.12.08"]
[EventType "tourn"]
[EventRounds "9"]
[EventCountry "AUS"]
[EventCategory "7"]
[SourceTitle "CBM 187 Extra"]
[Source "ChessBase"]
[SourceDate "2018.11.04"]
[SourceVersion "1"]
[SourceVersionDate "2018.11.04"]
[SourceQuality "1"]

1. e4 c6 2. d4 d5 3. exd5 cxd5 4. Bf4 Nc6 5. c3 Bf5 6. Nd2 e6 7. Qb3 Qd7 8. Ngf3 f6 9. Be2 g5 10. Be3 Nge7 11. Nf1 h5 12. h4 g4 13. N3d2 Bg6 14. Bf4 Nf5 15. Ne3 Rh7 16. Nxf5 Bxf5 17. Nf1 Bd6 18. Bxd6 Qxd6 19. Ne3 Be4 20. a4 f5 21. f3 Qg3+ 22. Kd2 f4 23. Nf1 Qxg2 24. Rh2 Qg1 25. fxe4 g3 26. exd5 gxh2 27. Nxh2 Qe3+ 28. Kd1 Nxd4 29. Bb5+ Nxb5 30. Qxb5+ Rd7 31. Kc2 Qe4+ 0-1